Normal view MARC view

Entry Personal Name

Number of records used in: 1

001 - CONTROL NUMBER

  • control field: 17266

003 - CONTROL NUMBER IDENTIFIER

  • control field: OSt

005 - DATE AND TIME OF LATEST TRANSACTION

  • control field: 20230215094649.0

008 - FIXED-LENGTH DATA ELEMENTS

  • fixed length control field: 230215|| aca||aabn | a|a d

040 ## - CATALOGING SOURCE

  • Original cataloging agency: OSt
  • Transcribing agency: OSt

100 ## - HEADING--PERSONAL NAME

  • Personal name: ကိတ္တိ၊ ဦး၊ သပိတ်အိုင်

670 ## - SOURCE DATA FOUND

  • Source citation: Work cat.: (OSt): ကိတ္တိ၊ ဦး၊ သပိတ်အိုင်, စူဠသောတာပန်ဖြစ်ခန်းဓါတ်ကမ္မဋ္ဌာန်း\, ၁၉၉၁

Library - 09407999929
Admin Office - 09407999979
Dean Office - 09250910768
Registrar Office - 09892297154
Email - [email protected]
Shan State Buddhist University, Phaya Phyu Taunggyi, Shan State, Myanmar.